000 00641nam a2200241 i 4500
001 C2-0224140
003 PPAK
005 20180728152756.0
008 000326s1971 enka|||| ||||| | eng d
020 _a0340059044
040 _aPPAK
_beng
_cPPAK
_erda
082 0 4 _a530
_223
090 0 0 _a530
_bABB
_dKSA
100 1 _aAbbott, P,
_eauthor
245 1 0 _aMechanics
264 1 _aLondon :
_bThe English Language Book Society ,
_c1971
300 _axiv, 318 pages :
_billustrations ;
_c18 cm
336 _2rdacontent
_atext
337 _2rdamedia
_aunmediated
338 _2rdacarrier
_avolume
650 1 0 _aMechanics
942 _ddc
_cB
999 _c145134
_d145134